[Event "MCR mladeze, Kouty 2018 - H16"]
[Site "Kouty nad Desnou"]
[Date "2018.03.13"]
[Round "5"]
[White "Nemec, David"]
[Black "Dolansky, Lukas"]
[Result "0-1"]
[WhiteElo "1902"]
[BlackElo "2074"]
[EventDate "2018.03.10"]

1. e4  c5  2. c3  Nf6
3. e5  Nd5  4. Nf3
e6  5. d4  cxd4
6. cxd4  b6  7. Nc3  Nxc3
8. bxc3  Qc7  9. Bd2
Be7  10. Bd3  Ba6
11. Bxa6  Nxa6  12. O-O
O-O  13. Qe2  Nb8
14. Rac1  d6  15. Rfe1
Nd7  16. Bf4  dxe5
17. Bxe5  Nxe5  18. Nxe5
Rac8  19. c4  Bf6
20. f4  Rfd8  21. Red1
Qb7  22. Rc3  Rc7
23. Kh1  Qa6  24. h4
Qa4  25. h5  b5
26. Rdc1  Rdc8  27. h6  g6
28. Qe3  bxc4  29. Qe4
Qb5  30. a4  Qd5
31. Qxd5  exd5  32. Rb1
Kf8  33. Rb5  Bxe5
34. fxe5  Rd7  35. Kg1
Ke7  36. Kf2  f6
37. exf6+  Kxf6  38. Ke2
Kg5  0-1

[Event "MCR mladeze, Kouty 2018 - H16"]
[Site "Kouty nad Desnou"]
[Date "2018.03.13"]
[Round "5"]
[White "Mladek, Richard"]
[Black "Szotkowski, David"]
[Result "1-0"]
[WhiteElo "2134"]
[BlackElo "1898"]
[EventDate "2018.03.10"]

1. e4  c5  2. Nf3  d6
3. d4  cxd4  4. Qxd4
a6  5. Be3  Nc6
6. Qd2  e6  7. Nc3  Be7
8. g4  Nf6  9. h3
O-O  10. g5  Nd7
11. Be2  b5  12. a3
Bb7  13. h4  Nde5
14. Nxe5 Nxe5 15. Bd4  f5  16.
gxf6  Bxf6  17. O-O-O  Rc8
18. Kb1  Nc4  19. Bxc4
Rxc4  20. Bxf6  Qxf6
21. Qxd6  Bxe4  22. Nxe4
Rxe4  23. Rhe1  Rxe1
24. Rxe1  Qxf2  25. Qxe6+
Kh8  26. h5  Qf6
27. Qxf6  gxf6  28. Re7
f5  29. Kc1  Rf6
30. Kd2  Rh6  31. Ra7
Rxh5  32. Rxa6  Rh2+
33. Kd3  h5  34. Rf6
Rf2  35. Rh6+  Kg7
36. Rxh5  Kg6  37. Rh8
Rf3+  38. Kd4  Rf2
39. Kc3  Re2  40. Rb8
Re5  41. Kd4  Re2
42. Rxb5  Rxc2  43. Rb8
Kf6  44. a4  Ke6
45. a5  Rc7  46. b4
Rd7+  47. Kc5  Rd5+
48. Kc4  Rd7  49. a6
f4  50. Rf8  Ke5
51. b5  Rc7+  52. Kb4
Kd5 1-0

[Event "MCR mladeze, Kouty 2018 - H16"]
[Site "Kouty nad Desnou"]
[Date "2018.03.13"]
[Round "5"]
[White "Nehyba, Martin"]
[Black "Nagy, Ladislav"]
[Result "1-0"]
[WhiteElo "2112"]
[BlackElo "1956"]
[EventDate "2018.03.10"]

1. e4  c5  2. c3  d5
3. exd5  Qxd5  4. d4
e6  5. Nf3  Nf6
6. Na3  Nc6  7. Be3  cxd4
8. Nb5  Qd8  9. Nbxd4
Nxd4  10. Qxd4  Qxd4
11. Nxd4  a6  12. Be2
Nd5  13. Bd2  Be7
14. Bf3  Bf6  15. Nf5
O-O  16. Ne3  Bg5
17. Nxd5  Bxd2+  18. Kxd2
exd5  19. Rad1  Be6
20. Kc1  Rfd8  21. Rd4
Rd7  22. Rhd1  Rad8
23. c4  Rc8  24. b3
b5  25. Bxd5  Bxd5
26. Rxd5  Rxd5  27. Rxd5
bxc4  28. b4  g6
29. Rc5  Rb8  30. Rxc4
Kg7  31. a3  Rb6
32. Kc2  Kf6  33. Kc3
Ke6  34. a4  Kd7
35. Rd4+  Ke7  36. Rd5
h5  37. b5  axb5
38. axb5  Ke6  39. Kc4
Rb8  40. Rd2  Rc8+
41. Kb4  Rb8  42. Ka5
Ra8+  43. Kb6  Ra1
44. Kc7  Rc1+  45. Kb7
Rh1  46. h3  Rg1
47. f3  g5  48. b6
f5  49. Ra2  Kd6
50. Ka8  Kd5 1-0

[Event "MCR mladeze, Kouty 2018 - H16"]
[Site "Kouty nad Desnou"]
[Date "2018.03.13"]
[Round "5"]
[White "Travnicek, Krystof Mikulas"]
[Black "Ocko, Dominik"]
[Result "1/2-1/2"]
[WhiteElo "1859"]
[BlackElo "1979"]
[EventDate "2018.03.10"]

1. e4  c5  2. Nf3  e6
3. d4  cxd4  4. Nxd4
a6  5. c4  Qc7
6. Nc3  Nc6  7. Be3  Nf6
8. Be2  Bb4  9. Nxc6
bxc6  10. Qd3  d5
11. exd5  cxd5  12. O-O
Bb7  13. Rac1  dxc4
14. Qxc4  Qxc4  15. Bxc4
Rc8  16. Bb3  Ke7
17. Na4  Nd5  18. Bxd5
Bxd5  19. Nb6  1/2-1/2

[Event "MCR mladeze, Kouty 2018 - H16"]
[Site "Kouty nad Desnou"]
[Date "2018.03.13"]
[Round "5"]
[White "Smid, Pavel"]
[Black "Demko, Robert"]
[Result "1/2-1/2"]
[WhiteElo "1870"]
[BlackElo "1853"]
[EventDate "2018.03.10"]

1. e4  c5  2. Nf3  d6
3. Bb5+  Nd7  4. O-O
Ngf6  5. Re1  a6
6. Bf1  e6  7. c3
b5  8. d4  Bb7
9. Bg5  h6  10. Bh4  Be7
11. Nbd2  O-O  12. h3
d5  13. e5  Ne4
14. Bxe7  Qxe7  15. Nxe4  dxe4
16. Nd2  cxd4  17. cxd4
f5  18. Nb3  Rfd8
19. a4  bxa4  20. Rxa4
Nxe5  21. Qa1  Nd3
22. Bxd3  exd3  23. Nc5
Be4  24. Nxe4  fxe4
25. Rxe4  Rac8  26. Qd1
Qd6  27. Re3  Qb6
28. Qxd3  Rc1+  29. Kh2
Qxb2  30. Qxa6  Qxf2
31. Qxe6+  Kh8  32. Qe4
Rf8  33. Ra8  Qg1+
34. Kg3  Qf2+  35. Kh2
Qg1+  36. Kg3  Qf2+
37. Kh2  1/2-1/2

[Event "MCR mladeze, Kouty 2018 - H16"]
[Site "Kouty nad Desnou"]
[Date "2018.03.13"]
[Round "5"]
[White "Vraj, Ondrej"]
[Black "Khadash, Kamil"]
[Result "1-0"]
[WhiteElo "1855"]
[BlackElo "1685"]
[EventDate "2018.03.10"]

1. e4  e5  2. Nf3  Nf6
3. Nxe5  d6  4. Nf3
Nxe4  5. d3  Nf6
6. Be2  Be7  7. O-O
O-O  8. d4  Bf5
9. d5  Nbd7  10. c4  Re8
11. Nc3  Bf8  12. Nh4
Bg6  13. Nxg6  hxg6
14. b3  a5  15. Bd3
Nc5  16. Bc2  c6
17. Qf3  Rc8  18. Bb2
Qd7  19. h3  cxd5
20. Nxd5  Nxd5  21. Qxd5
Qc6  22. Qxc6  bxc6
23. Rfe1  Be7  24. Rad1
Bg5  25. Kf1  Rxe1+
26. Kxe1  Re8+  27. Kf1
Re6  28. g3  f5
29. g4  fxg4  30. hxg4  Bf4
31. Bd4  Nb7  32. f3
g5  33. Be4  Rh6
34. Bxc6  Rh1+  35. Bg1
Nc5  36. Kg2  Rh6
37. Rd5  Ne6  38. Rxa5
Bd2  39. Ra8+  Kh7
40. Be4+  g6  41. Bh2
Nf4+  42. Bxf4  Bxf4
43. a4  Rh2+  44. Kf1
Rh1+  45. Ke2  Rh2+
46. Kd3  Rd2+  47. Kc3
Ra2  48. Kb4  Bd2+
49. Kb5  Rb2  50. Kc6
Bf4  51. Ra7+  Kh6
52. Rb7  1-0

[Event "MCR mladeze, Kouty 2018 - H16"]
[Site "Kouty nad Desnou"]
[Date "2018.03.13"]
[Round "5"]
[White "Broz, Petr"]
[Black "Kopec, Ladislav"]
[Result "1-0"]
[WhiteElo "1746"]
[BlackElo "1780"]
[EventDate "2018.03.10"]

1. e4  c5  2. Nf3  d6
3. d4  cxd4  4. Nxd4
Nf6  5. Nc3  a6
6. Bc4  Nbd7  7. Bb3  Nc5
8. O-O  Qc7  9. Re1
e6  10. f4  Nxb3
11. axb3  b5  12. Ndxb5
Qb8  13. e5  dxe5
14. fxe5  axb5  15. Rxa8
Qxa8  16. exf6  gxf6
17. Nxb5  Qc6  18. Nd4
Qc7  19. Qd3  Bd7
20. Qf3  Be7  21. c4
Rg8  22. Bd2  e5
23. Qa8+  Bc8  24. Kh1
Bd8  25. Nb5  Qd7
26. Qxc8  Qxd2  27. Qc6+
Ke7  28. Rf1  Qg5
29. Qd6+  Ke8  30. Qd5
Be7  31. c5  f5
32. Qa8+  Bd8  33. Nd6+  Kf8
34. Qd5  Rg7  35. Nxf5
Be7  36. Nxg7  1-0

[Event "MCR mladeze, Kouty 2018 - H16"]
[Site "Kouty nad Desnou"]
[Date "2018.03.14"]
[Round "6"]
[White "Skalsky, Alexandr"]
[Black "Riha, Vojtech"]
[Result "1-0"]
[WhiteElo "2109"]
[BlackElo "2097"]
[EventDate "2018.03.10"]

1. e4  c5  2. Nf3  Nc6
3. d4  cxd4  4. Nxd4
Nf6  5. Nc3  e5
6. Ndb5  d6  7. Bg5  a6
8. Na3  b5  9. Nd5
Be7  10. Bxf6  Bxf6
11. c4  b4  12. Nc2
a5  13. g3  O-O
14. Bg2  Bb7  15. O-O  Bg5
16. Qd3  Kh8  17. Rad1
g6  18. h4  Bh6
19. h5  Bg7  20. b3  f5
21. hxg6  hxg6  22. exf5
gxf5  23. Nde3  Qg5
24. Qxd6  e4  25. Qf4
Qh5  26. Rd5  Ne7
27. Rd7  Ng6  28. Qc7
Be5  29. Qxb7  f4
30. g4  Qh6  31. Nf5
Rxf5  32. gxf5  f3
33. Rh7+  Qxh7  34. Qxa8+
Kg7  35. Qb7+  1-0

[Event "MCR mladeze, Kouty 2018 - H16"]
[Site "Kouty nad Desnou"]
[Date "2018.03.14"]
[Round "6"]
[White "Dolansky, Lukas"]
[Black "Vorisek, Jakub"]
[Result "1/2-1/2"]
[WhiteElo "2074"]
[BlackElo "2083"]
[EventDate "2018.03.10"]

1. c4 e5 2. Nc3 Nc6 3. g3 d6 4. Bg2 Be6 5. d3 Qd7 6. a3 a5 7. e3 Be7 8. Rb1 f5 9.
Nge2 Nf6 10. Nd5 O-O 11. Nec3 Nd8 12. O-O Nxd5 13. Nxd5 Bf6 14. Bd2 Qf7 15. Qa4
Bd7 16. Qc2 c6 17. Nb6 Ra6 18. Nxd7 Qxd7 19. b4 axb4 20. axb4 Ne6 21. b5 Ra7 22.
bxc6 bxc6 23. Rb6 Rc8 24. Rfb1 Bd8 25. Rb8 Qc7 26. Rxc8 Qxc8 27. h4 Qd7 28. d4 g6
29. dxe5 dxe5 30. Bc3 Bc7 31. Rd1 Qe8 32. Bb4 Qb8 33. Bc3 Qe8 34. Bb4 Qb8 35. Bc3
1/2-1/2

[Event "MCR mladeze, Kouty 2018 - H16"]
[Site "Kouty nad Desnou"]
[Date "2018.03.14"]
[Round "6"]
[White "Zvolensky, David"]
[Black "Sprenar, Petr"]
[Result "1-0"]
[WhiteElo "1928"]
[BlackElo "2191"]
[EventDate "2018.03.10"]

1. d4  d5  2. c4  e6
3. Nf3  Nf6  4. g3
Bb4+  5. Bd2  Bd6
6. Bg2  O-O  7. O-O
Nbd7  8. Bc3  Ne4
9. Nfd2  Nxc3  10. Nxc3
c6  11. e4  dxc4
12. Nxc4  Bc7  13. d5
Nb6  14. Nxb6  axb6
15. Qc2  Qe7  16. Rfd1
b5  17. a3  e5
18. Rac1  Bd6  19. dxc6  bxc6
20. Nxb5  cxb5  21. Qc6
Ra6  22. Qxc8  Rxc8
23. Rxc8+  Qf8  24. Rxf8+
Kxf8  25. Bf1  Rb6
26. Bxb5  Rxb5  27. Rxd6
Rxb2  28. Rd3  Ra2
29. Kg2  g5  30. Rd8+
Kg7  31. Rd5  Rxa3
32. Rxe5  h6  33. Rf5
Ra4  34. e5  Re4
35. h3  Kg6  36. Rf6+
Kg7  37. f4  gxf4
38. gxf4  Re2+  39. Kf3
Rh2  40. Kg3  Re2
41. Ra6  Re1  42. Kg4
Re3  43. h4  Re4
44. Ra1  Re2  45. Rg1
Rf2  46. Kf5+  Kf8
47. Rg4  Rf1  48. Rg2
Rf3  49. Ra2  Rf1
50. Rb2  Kg7  51. Rb7
Re1  52. Re7  Ra1
53. Rd7  Re1  54. Rd3
Rf1  55. Re3  Rf2
56. Re1  Rf3  57. Kg4
Rf2  58. f5  Rg2+
59. Kh5  Rf2  60. Kg4
Rg2+  61. Kf3  Rb2
62. Rg1+  Kf8  63. f6
Rb4  64. Ra1  Kg8
65. Ra8+  Kh7  66. e6
Rb6  67. e7  Rxf6+
68. Kg3  Rg6+  69. Kh3
1-0

[Event "MCR mladeze, Kouty 2018 - H16"]
[Site "Kouty nad Desnou"]
[Date "2018.03.14"]
[Round "6"]
[White "Stinka, Jakub"]
[Black "Bulockin, Martin"]
[Result "0-1"]
[WhiteElo "2137"]
[BlackElo "2099"]
[EventDate "2018.03.10"]

1. e4  c5  2. Nf3  d6
3. d4  cxd4  4. Nxd4
Nf6  5. Nc3  a6
6. Bg5  Nbd7  7. f4  Qc7
8. Bd3  Qc5  9. Nf3
Qe3+  10. Qe2  Qxe2+
11. Kxe2  e6  12. a4
b6  13. Rhe1  Bb7
14. Kf1  Be7  15. Bh4
Nc5  16. Bf2  Nfd7
17. Rad1  O-O  18. Bc4
Rac8  19. Ba2  Bc6
20. Nd4  Bf6  21. Nxc6
Rxc6  22. Bd4  Bxd4
23. Rxd4  Rd8  24. Red1
Nb7  25. Kf2  Kf8
26. Bc4  Nb8  27. Be2
Ke7 28. Bf3  Rc5  29. Be2
Nc6  30. R4d2  Nb8
31. Ke3  Na5  32. g3
Nc4+  33. Bxc4  Rxc4
34. Rd4  Rxd4  35. Rxd4
Nc6  36. Rc4  Kd7
37. Ne2  Na5  38. Rc3
b5  39. axb5  axb5
40. b3  Nc6  41. Nd4
Nxd4  42. Kxd4  Ra8
43. e5  b4  44. Rc4
Rb8  45. Kd3  h5
46. Kd4  g6  47. Kd3
h4  48. gxh4  Rb5
49. Rd4  d5  50. Kd2
Kc6  51. Rd3  Rb8
52. h5  Rh8  53. hxg6
Rxh2+  54. Kc1  fxg6
55. Rg3  Rh6  56. Kd2
d4  57. Ke2  Kd5
58. Kd3  Rh4  59. Rxg6
Rxf4  60. Rg8  Kxe5
61. Rb8  Rf3+  62. Kd2
Ke4  63. Rxb4  e5
64. Rb8  Rf2+  65. Kc1
Ke3  66. b4  e4
67. b5  Rf1+  68. Kb2  Kd2
69. Rd8  d3  70. Re8
Rb1+  0-1

[Event "MCR mladeze, Kouty 2018 - H16"]
[Site "Kouty nad Desnou"]
[Date "2018.03.14"]
[Round "6"]
[White "Gloser, David"]
[Black "Mladek, Richard"]
[Result "0-1"]
[WhiteElo "2067"]
[BlackElo "2134"]
[EventDate "2018.03.10"]

1. e4  c5  2. Nf3  d6
3. Nc3  a6  4. a4
Nc6  5. g3  g6
6. d3  Bg7  7. Bg2  e6
8. O-O  Nge7  9. Ne2
O-O  10. c3  Rb8
11. Nh4  d5  12. Qc2
b5  13. f4  f5
14. axb5  axb5  15. Be3  d4
16. Bf2  fxe4 17. Bxe4  Qd6
18. Nf3  dxc3  19. bxc3
e5  20. fxe5  Nxe5
21. Nxe5  Bxe5  22. d4
cxd4  23. Bxd4  Be6
24. Bxe5  Qxe5  25. Nf4
Bc4  26. Rfe1  Qc5+
27. Kg2  Nf5  28. Ra6
Ne3+  29. Rxe3  Qxe3
30. Bxg6  Rxf4  31. Bxh7+
Kh8  32. gxf4  Bd5+
33. Kf1  Qxf4+  34. Qf2
Qc1+  0-1

[Event "MCR mladeze, Kouty 2018 - H16"]
[Site "Kouty nad Desnou"]
[Date "2018.03.14"]
[Round "6"]
[White "Svanda, Ondrej"]
[Black "Nehyba, Martin"]
[Result "1/2-1/2"]
[WhiteElo "2057"]
[BlackElo "2112"]
[EventDate "2018.03.10"]

1. e4  e6  2. d4  d5
3. Nc3  Nf6  4. Bg5
Bb4  5. exd5  exd5
6. Qf3  O-O  7. Bxf6
Qxf6  8. Qxf6  Bxc3+
9. bxc3  gxf6  10. O-O-O
Be6  11. c4  c6
12. c5  b6  13. cxb6  axb6
14. Kb2  c5  15. Nf3
Rd8  16. h3  Ra5
17. c3  Nc6  18. Bd3
c4  19. Bc2  Rda8
20. Ra1  Ra3  21. Bb1
b5  22. Rc1  b4
23. cxb4  Bxh3  24. Rc3  Rxc3
25. Kxc3  Bd7  26. a4
Na7  27. Bc2  Nc8
1/2-1/2

[Event "MCR mladeze, Kouty 2018 - H16"]
[Site "Kouty nad Desnou"]
[Date "2018.03.14"]
[Round "6"]
[White "Ludvik, Tomas"]
[Black "Nagy, Ladislav"]
[Result "1-0"]
[WhiteElo "2115"]
[BlackElo "1956"]
[EventDate "2018.03.10"]

1. d4  Nf6  2. c4  g6
3. Nc3  Bg7  4. e4
d6  5. Nf3  O-O
6. Be2  e5  7. O-O  Na6
8. Be3  Ng4  9. Bg5
f6  10. Bh4  Nh6
11. dxe5  dxe5  12. a3
c6  13. b4  Nf7
14. Qc2  Qe7  15. Rfd1  Be6
16. Nd2  Rfd8  17. Nb3
Rxd1+  18. Rxd1  Rd8
19. Rxd8+  Nxd8  20. f3
Nc7  21. Bf2  a6
22. Na4  Bf7  23. Nb6
Nde6  24. Bf1  Ne8
25. c5  Nd8  26. Na5
Be6  27. Nac4  Nf7
28. Bd3  Qd8  29. a4
f5  30. exf5  Bxf5
31. Bxf5  gxf5  32. Na5
Qf6  33. Qd3  e4
34. fxe4  Ne5  35. Qe2
Ng4  36. exf5  Qa1+
37. Qe1  Nxf2  38. Qxa1 Nh3+
39. gxh3  Bxa1  40. Nxb7
Bc3  41. Nd7  Kf7
42. Nb8  Bxb4  43. Nxa6
Ba3  44. Nd8+  Kf6
45. Nxc6  Kxf5  46. Nd4+
Ke5  47. Nb5  Bc1
48. c6  Nd6  49. Kf2
Nc8  50. Ke2  Bh6
51. Kd3  Kd5  52. c7
Bg7  53. a5  Bf8
54. Kc3  Kc6  55. Kc4
Bh6  56. Nb4+  Kb7
57. Nd5  Bd2  58. Kc5
Bxa5  59. Nd6+  Ka7
60. Nxc8+  1-0

[Event "MCR mladeze, Kouty 2018 - H16"]
[Site "Kouty nad Desnou"]
[Date "2018.03.14"]
[Round "6"]
[White "Ocko, Dominik"]
[Black "Nemec, David"]
[Result "1-0"]
[WhiteElo "1979"]
[BlackElo "1902"]
[EventDate "2018.03.10"]

1. d4  d5  2. Bf4  Nf6
3. e3  Bf5  4. Nf3
e6  5. Nbd2  Bd6
6. Ne5  Bxe5  7. Bxe5
Nbd7  8. Bg3  O-O
9. Bd3  Bxd3  10. cxd3
c6  11. O-O  Re8
12. Nf3  Qb6  13. Qd2
c5  14. dxc5  Nxc5
15. Rfc1  Rac8  16. Rc2
Qa6  17. Rac1  b6
18. b4  Ncd7  19. Rc7
Rxc7  20. Rxc7  Rc8
21. b5  1-0

[Event "MCR mladeze, Kouty 2018 - H16"]
[Site "Kouty nad Desnou"]
[Date "2018.03.14"]
[Round "6"]
[White "Szotkowski, David"]
[Black "Smid, Pavel"]
[Result "0-1"]
[WhiteElo "1898"]
[BlackElo "1870"]
[EventDate "2018.03.10"]

1. Nf3  c5  2. c4  Nf6
3. g3  b6  4. Bg2
Bb7  5. O-O  e6
6. Nc3  Be7  7. b3  Qc8
8. Bb2  O-O  9. e3
d5  10. cxd5  Nxd5
11. Rc1  Rd8  12. d4
Nb4  13. a3  N4c6
14. Ne2  Bf6  15. Qc2
Nd7  16. dxc5  Bxb2
17. Qxb2  Nxc5  18. Qc2
Ba6  19. Nfd4  Nxd4
20. Nxd4  Bxf1  21. Bxa8
Bd3  22. Qd2  Qxa8
23. b4  Ne4  24. Qxd3
e5  25. f3  Nf6
26. Qf5  exd4  27. exd4  h6
28. a4  Qd5  0-1

[Event "MCR mladeze, Kouty 2018 - H16"]
[Site "Kouty nad Desnou"]
[Date "2018.03.14"]
[Round "6"]
[White "Kopec, Ladislav"]
[Black "Vraj, Ondrej"]
[Result "0-1"]
[WhiteElo "1780"]
[BlackElo "1855"]
[EventDate "2018.03.10"]

1. d4  d5  2. c4  c6
3. Nf3  Nf6  4. Bg5
Bf5  5. Nc3  e6
6. e3  Be7  7. Be2  O-O
8. O-O  Nbd7  9. Qb3
Qb6  10. c5  Qxb3
11. axb3  Rfe8  12. b4
a6  13. Ra2  Rac8
14. h3  Ne4  15. Bf4
g5  16. Bh2  f6
17. Rfa1  Bd8  18. Nxe4  Bxe4
19. Nd2  Bg6  20. Re1
e5  21. Raa1  f5
22. Nf3  Bf6  23. g4
fxg4  24. hxg4  Re7
25. Rad1  Rce8  26. Rd2
e4  27. Bd6  exf3
28. Bxe7  fxe2  29. Bxf6
Nxf6  30. Rdxe2  Nxg4
31. Kg2  Nf6  32. f3
h5  33. Kf2  Kg7
34. Rg1  Kh6  35. Ree1
g4  36. fxg4  hxg4
37. Kg3  Kg5  38. Re2
Nh5+  39. Kg2  Be4+
40. Kh2  Bf3  41. Ree1
Kh4  42. Rgf1  g3+
43. Kg1  Kg4  44. b3
g2  45. Rf2  Nf4
0-1

[Event "MCR mladeze, Kouty 2018 - H16"]
[Site "Kouty nad Desnou"]
[Date "2018.03.14"]
[Round "6"]
[White "Broz, Petr"]
[Black "Travnicek, Krystof Mikulas"]
[Result "1-0"]
[WhiteElo "1746"]
[BlackElo "1859"]
[EventDate "2018.03.10"]

1. e4  c5  2. b4  cxb4 3. a3
d5  4. exd5  Qxd5
5. Nf3  e5  6. c4
Qe6  7. Bd3  e4
8. O-O  Be7  9. Re1  Qf6
10. Bxe4  Qxa1  11. Qb3
Qf6  12. d4  Kf8
13. axb4  Nc6  14. Bb2
Nd8  15. d5  Qb6
16. Qc3  Bf6  17. Ne5
Qd6  18. f4  g6
19. c5  Qb8  20. d6  Be6
21. Na3  a5  22. b5
Nc6  23. bxc6  bxc6
24. Bxc6  Ra7  25. Nb5
Rb7  26. Bxb7  Qxb7
27. Qxa5  1-0

[Event "MCR mladeze, Kouty 2018 - H16"]
[Site "Kouty nad Desnou"]
[Date "2018.03.14"]
[Round "6"]
[White "Khadash, Kamil"]
[Black "Demko, Robert"]
[Result "0-1"]
[WhiteElo "1685"]
[BlackElo "1853"]
[EventDate "2018.03.10"]

1. d4  Nf6  2. Bf4  e6
3. Nf3  Bb4+  4. c3
Be7  5. h3  b6
6. Nbd2  Bb7  7. e3  O-O
8. Bd3  d5  9. Qb1
c5  10. Ne5  Nbd7
11. O-O  Nxe5  12. dxe5
Nh5  13. Bxh7+  Kh8
14. Bd3  Nxf4  15. exf4
f5  16. exf6  Rxf6
17. Nf3  Rxf4  18. Ne5
Rf6  19. Qd1  Qe8
20. Qg4  Kg8  21. f4
Bd6  22. Rae1  Bxe5
23. Rxe5  Qf7  24. Rg5
Kf8  25. Bg6  Qc7
26. Qh4  Ke7  27. Qh7
Kd6  28. Bc2  Rf7
29. Re1  Qe7  30. Rg6
Raf8  31. f5  Rf6
32. Rxg7  R8f7  33. Rxf7
Rxf7  34. Qh8  e5
35. Qb8+  Qc7  36. Qxc7+
Rxc7  37. g4  e4
38. Kf2  Ke5  39. Kg3
b5  40. h4  d4
41. h5  Bd5  42. Kh4  Rh7
43. g5  Kxf5  44. Rf1+
Ke5  45. g6  Rg7
46. Kg5  d3  47. Bb1
d2  48. h6  Rg8
49. g7  Bc4  50. Rf5+  Kd6
51. Bc2  e3  52. Kf6
e2  53. h7  e1=Q
54. h8=Q  Qe7+  55. Kg6
Qe8+  56. Kh7  Bd3
57. Bxd3  d1=Q  58. Rf6+
Kc7  59. Qxg8  Qxd3+
0-1

[Event "MCR mladeze, Kouty 2018 - H16"]
[Site "Kouty nad Desnou"]
[Date "2018.03.15"]
[Round "7"]
[White "Bulockin, Martin"]
[Black "Skalsky, Alexandr"]
[Result "1-0"]
[WhiteElo "2099"]
[BlackElo "2109"]
[EventDate "2018.03.10"]

1. e4  c5  2. Nf3  Nc6
3. Bb5  g6  4. Bxc6
bxc6  5. O-O  Bg7
6. c3  Nh6  7. h3
O-O  8. d4  cxd4
9. cxd4  f6 10. Re1  Nf7
11. Nbd2  Qc7  12. Qc2
Bb7  13. Nb3  Rac8
14. Bd2  d6  15. Rac1
Qd7  16. Na5  c5
17. d5  Nd8  18. Qc4
Rb8  19. Nc6  Ra8
20. b4  cxb4  21. Bxb4
Kh8  22. Nfd4  Bh6
23. Rc2  Nf7  24. Bd2
Bxd2  25. Rxd2  Rfc8
26. Qe2  Nd8  27. Nxd8
Qxd8  28. Ne6  Qa5
29. Qe3  Rg8  30. Rc1
Rac8  31. Rdc2  g5
32. Rc7 Rxc7  33. Rxc7  Bxd5
34. exd5  Qxd5  35. Rxe7
Rc8  36. Qxa7  Qe4
37. Re8+  1-0

[Event "MCR mladeze, Kouty 2018 - H16"]
[Site "Kouty nad Desnou"]
[Date "2018.03.15"]
[Round "7"]
[White "Vorisek, Jakub"]
[Black "Zvolensky, David"]
[Result "1/2-1/2"]
[WhiteElo "2083"]
[BlackElo "1928"]
[EventDate "2018.03.10"]

1. e4 e5 2. Nf3 Nc6 3. Bb5 a6 4. Ba4 Nf6 5. O-O Be7 6. d3 d6 7. c3 O-O 8. Re1 Bg4
9. Nbd2 b5 10. Bc2 Re8 11. Nf1 Bf8 12. h3 Bh5 13. g4 Bg6 14. Ng3 d5 15. Be3 Na5
16. b4 Nc6 17. a3 d4 18. cxd4 exd4 19. Bd2 a5 20. bxa5 Nxa5 21. a4 b4 22. Bb3
Nxb3 23. Qxb3 c5 24. Bf4 Nd7 25. Nd2 Qf6 26. Ne2 Ne5 27. Bxe5 Qxe5 28. f4 Qe7 29.
Nf3 Bxe4 30. dxe4 Qxe4 31. Ng5 Qe3+ 32. Qxe3 Rxe3 33. Kf2 Ra3 34. Rxa3 bxa3 35.
Ra1 Rxa4 36. Ra2 Ra6 37. Ne4 f6 38. Nd2 Ra4 39. Nb1 c4 40. Kf3 c3 41. Ke4 Rb4 42.
Nxa3 Ra4 43. Kd3 1/2-1/2

[Event "MCR mladeze, Kouty 2018 - H16"]
[Site "Kouty nad Desnou"]
[Date "2018.03.15"]
[Round "7"]
[White "Mladek, Richard"]
[Black "Dolansky, Lukas"]
[Result "1-0"]
[WhiteElo "2134"]
[BlackElo "2074"]
[EventDate "2018.03.10"]

1. d4  d5  2. c4  e6
3. Nc3  Nf6  4. Nf3
Be7  5. Bf4  O-O
6. e3  b6  7. Bd3
Bb7  8. cxd5  exd5
9. O-O  c5  10. Ne5
Nc6  11. Qf3  a6
12. Rac1  c4  13. Bxc4
dxc4  14. Nxc6  Qe8
15. Nxe7+  Qxe7  16. d5
Qb4  17. e4  b5
18. e5  Nd7  19. Qg3  Rfe8
20. Rfe1  Nf8  21. Re2
Rad8  22. a3  Qb3
23. Bg5  Rd7  24. Qg4
Bc8  25. Qd4  Bb7
26. d6  Ne6  27. Qg4
Bc6  28. Be3  Nf8
29. Bb6  Re6  30. f4
Rg6  31. Qh3  Bxg2
32. Rxg2  Qxb2  33. Be3
Rxg2+ 34. Qxg2  Qxa3  35. Nd5
Qd3  36. Re1  Kh8
37. Nb6  Rd8  38. f5
1-0

[Event "MCR mladeze, Kouty 2018 - H16"]
[Site "Kouty nad Desnou"]
[Date "2018.03.15"]
[Round "7"]
[White "Nehyba, Martin"]
[Black "Ludvik, Tomas"]
[Result "1/2-1/2"]
[WhiteElo "2112"]
[BlackElo "2115"]
[EventDate "2018.03.10"]

1. e4  d6  2. d4  Nf6
3. Nc3  Nbd7  4. Be3
e5  5. Be2  Be7
6. f4  c6  7. Qd2  Qa5
8. h3  b5  9. Bf3
O-O  10. Nge2  Bb7
11. O-O  b4  12. Nd1
Rad8  13. Nf2  Nb6
14. b3  exd4  15. Nxd4
d5  16. e5  Ne4
17. Nxe4  dxe4  18. Bxe4  Nd5
19. Nf5  Qc7  20. Bxd5
Rxd5  21. Qf2  c5
22. Rfd1  Rfd8  23. Qe1
Bf8  24. Rxd5  Rxd5
25. Rd1  Qd7  26. Rxd5
Qxd5  27. Qd2  Qe4
28. Nd6  Qc6  29. Nxb7
Qxb7  30. Qd3  Qc6
31. Kf2  Be7  32. Bd2
g6  33. c4  bxc3
34. Bxc3  Bh4+  35. g3
Be7  36. Qf3  Qc8
37. Kg2  Qa6  38. a4
Qe6  39. Bd2  Qd7
40. Bc3  Qe6  41. Ba5
Qd7  42. Qe4  h5
43. e6  Qxe6  44. Qxe6
fxe6  45. Kf3  Kf7
46. Bc7  Bf8  47. Bb8
a6  48. Ba7  Bd6
49. Ke4  Ke7  50. Bb6
Kd7  51. Ba5  Ke7
52. Bc3  Kd7  53. Be5
Be7  54. g4  hxg4
55. hxg4  Kc6  56. g5
Bf8  1/2-1/2

[Event "MCR mladeze, Kouty 2018 - H16"]
[Site "Kouty nad Desnou"]
[Date "2018.03.15"]
[Round "7"]
[White "Riha, Vojtech"]
[Black "Svanda, Ondrej"]
[Result "1-0"]
[WhiteElo "2097"]
[BlackElo "2057"]
[EventDate "2018.03.10"]

1. e4  c5  2. b4  cxb4
3. a3  d5  4. exd5
Qxd5  5. Nf3  e5
6. c4  Qe6  7. Bd3
Nc6  8. O-O  Bd6
9. Re1  Nf6  10. Bc2
O-O  11. d4  Qe7
12. c5  Bb8  13. d5
Rd8  14. d6  Qe8
15. Bg5  Bg4  16. Bxf6
gxf6  17. axb4  Nd4
18. Be4  Qb5  19. Nxd4
1-0